Logos orange 🟠 - Statistiques

Statistiques générales
  • Ce quiz a Ă©tĂ© pris 3 749 fois
  • Le rĂ©sultat moyen est 7 sur 12
Statistiques - réponses
Par images Réponse % Correct
Orange
99%
Amazon
96%
Nickelodeon
84%
Harley-Davidson
81%
EasyJet
80%
Bitcoin
79%
VLC
50%
TNT Express
44%
The Home Depot
39%
ING Direct
34%
Arte
32%
JetStar
2%
Aucun quiz correspondant
Distribution des résultats
% des personnes avec chaque résultat
Percentile par nombre de réponses
Votre historique - résultats
Vous n’avez pas pris ce quiz